Danske ministre pr. 3/10/2023 - Statistics

General Stats
  • This quiz has been taken 22 times
  • The average score is 11 of 23
Answer Stats
Stilling Person % Correct
Statsminister Mette Frederiksen
100%
Udenrigsminister Lars Løkke Rasmussen
86%
Forsvarsminister Troels Lund Poulsen
86%
Finansminister Nicolai Wammen
79%
Vicestatsminister og økonomiminister Jakob Ellemann-Jensen
71%
Børne- og undervisningsminister Mattias Tesfaye
64%
Minister for udviklingssamarbejde og global klimapolitik Dan Jørgensen
57%
Miljøminister Magnus Heunicke
57%
Justitsminister Peter Hummelgaard
57%
Indenrigs- og sundhedsminister Sophie Løhde
57%
Erhvervsminister Morten Bødskov
50%
Kulturminister Jakob Engel-Schmidt
43%
Skatteminister Jeppe Bruus
36%
Digitaliseringsminister og minister for ligestilling Marie Bjerre
36%
Beskæftigelsesminister Ane Halsboe-Jørgensen
29%
Uddannelses- og forskningsminister Christina Egelund
29%
Minister for fødevarer, landbrug og fiskeri Jacob Jensen
29%
Udlændinge- og integrationsminister Kaare Dybvad Bek
29%
Klima-, energi- og forsyningsminister Lars Aagaard
29%
Transportminister Thomas Danielsen
29%
Ældreminister Mette Kierkgaard
21%
Social- og boligminister Pernille Rosenkrantz-Theil
21%
Kirkeminister, minister for landdistrikter og minister for nordisk samarbejde Louise Schack Elholm
14%
No matching quizzes found
Score Distribution
Percent of People with Each Score
Percentile by Number Answered
Your Score History
You have not taken this quiz